| 000 | 00000nam##2200000za#4500 |
| 001 | 9.573990 |
| 003 | CaOODSP |
| 005 | 20210624183951 |
| 007 | cr ||||||||||| |
| 008 | 150406|1997||||xxc|||||o f|0| 0 eng|d |
| 022 | |a1488-5379 |
| 040 | |aCaOODSP|beng |
| 043 | |an-cn--- |
| 086 | 1 |aFs97-6/2196E-PDF |
| 110 | 1 |aCanada. |bDepartment of Fisheries and Oceans. |
| 245 | 14|aThe American eel in Eastern Canada : |h[electronic resource]|bstock status and management strategies : proceedings of Eel Workshop, January 13-14, 1997, Quebec City, QC / |cR.H. Peterson, editor. |
| 260 | |aSt. Andrews - New Brunswick : |bFisheries and Oceans Canada |cDecember 1997. |
| 300 | |a191p.|bfigs., graphs, maps, references, tables |
| 490 | 1 |aCanadian technical report of fisheries and aquatic sciences|x1488-5379|vNo. 2196 |
| 500 | |aThe catalogue number (Fs97-6/2196E) and ISSN (0706-6457) for the print edition have been incorrectly copied in this electronic publication. |
| 546 | |a(Résumé en français) |
| 590 | |a12-21-Supp|b2012-05-18 |
| 720 | 1 |aPeterson, R. H. |
| 776 | 0#|tThe American eel in Eastern Canada: stock status and management strategies : |w(CaOODSP)9.614455 |
| 830 | #0|aCanadian technical report of fisheries and aquatic sciences,|x1488-5379|vNo. 2196|w(CaOODSP)9.504449 |
| 856 | 40|ahttp://publications.gc.ca|qPDF|s10.56 MB|uhttps://publications.gc.ca/collections/collection_2012/mpo-dfo/Fs97-6-2196-eng.pdf|yNo. 2196 |